Dryland resources and technology / (Record no. 2709)
[ view plain ]
| 000 -LEADER | |
|---|---|
| fixed length control field | 00471cam a2200181ua 4500 |
| 020 ## - INTERNATIONAL STANDARD BOOK NUMBER | |
| ISBN | 0254 8305 |
| 041 ## - LANGUAGE CODE | |
| Language code of text/sound track or separate title | eng |
| 082 ## - DEWEY DECIMAL CLASSIFICATION NUMBER | |
| Classification number | 631.5861 |
| Item number | ALA/DR |
| 100 ## - MAIN ENTRY--AUTHOR NAME | |
| Personal name | Alam singh, . |
| 245 ## - TITLE STATEMENT | |
| Title | Dryland resources and technology / |
| 260 ## - PUBLICATION, DISTRIBUTION, ETC. (IMPRINT) | |
| Place of publication | Jodhpur : |
| Name of publisher | Scientific Publishers , |
| Year of publication | 1985. |
| 300 ## - PHYSICAL DESCRIPTION | |
| Number of Pages | 256 ; . |
| 700 1# - ADDED ENTRY--PERSONAL NAME | |
| Personal name | Choudhary, G R . |
| 942 ## - ADDED ENTRY ELEMENTS (KOHA) | |
| Koha item type | Books |
| Withdrawn status | Lost status | Damaged status | Home library | Current library | Date acquired | Full call number | Accession Number | Koha item type |
|---|---|---|---|---|---|---|---|---|
| KAUAET | KAUAET | 01/11/1988 | 631.5861 | 16382 | Books |
